| 000 | 01346pam a2200265 a 4500 | ||
|---|---|---|---|
| 001 | 4032267 | ||
| 005 | 20221130144455.0 | ||
| 008 | 980601s1999 nyua 001 0 eng | ||
| 010 | _a 98008460 | ||
| 020 | _a0028041615 | ||
| 040 |
_aDLC _cDLC _dDLC |
||
| 050 | 0 | 0 |
_aTK7868.D5 _bT65 1999 |
| 082 | 0 | 0 |
_a621.3815,TOK _221 |
| 100 | 1 | _aTokheim, Roger L. | |
| 245 | 1 | 0 |
_aDigital electronics : _bprinciples and applications / _cRoger L. Tokheim. |
| 250 | _a5th ed. | ||
| 260 |
_aNew York : _bGlencoe/McGraw-Hill, _cc1999. |
||
| 300 |
_aix, 406 p. : _bill. (some col.) ; _c29 cm. |
||
| 440 | 0 |
_aBasic skills in electricity and electronics _994578 |
|
| 505 | _aDigital Electronics (Page-1), Numbers we Use in Digital Electronics (Page-19), Binary Logic Gates (Page-29), Using Binary Logic Gates (Page-51), IC Specifications and Simple Interfacing (Page-77), Encoding Decoding and Seven Segment Displays (Page-102), Flip Flops (Page-132), Counters (Page-149), Shift Registers (Page-177), Arithmetic Circuits (Page-198), Memories (Page-224), Digital Systems (Page-250), Connecting with Analog (Page-303). | ||
| 650 | 0 | _aDigital electronics. | |
| 906 |
_a7 _bcbc _corignew _d1 _eocip _f19 _gy-gencatlg |
||
| 942 |
_2ddc _cBK |
||
| 999 |
_c592542 _d592542 |
||